Loading...
| Science - Physics | 0 | 5 | 1 | 2 | 45 | 72 | 101.40 | 0 | 4 | 7.91 | 24.00 |
| History - World | 0 | 4 | 0 | 1 | 40 | 100 | 120.00 | 0 | 2 | 2.69 | 14.00 |
| Science - Other | 0 | 3 | 0 | 2 | 30 | 118 | 119.67 | 1 | 2 | 0.83 | 12.00 |
| Philosophy | 0 | 3 | 0 | 1 | 30 | 102 | 112.00 | 0 | 2 | 1.73 | 10.00 |
| Geography | 0 | 2 | 0 | 0 | 20 | 75 | 95.00 | 0 | 1 | 17.87 | 40.00 |
| History - European | 0 | 2 | 0 | 2 | 20 | 114 | 118.50 | 0 | 0 | 0.00 | 4.00 |
| Fine Arts - Other | 0 | 2 | 0 | 0 | 20 | 103 | 109.50 | 0 | 2 | 3.66 | 12.00 |
| Social Science | 0 | 2 | 0 | 1 | 20 | 75 | 91.00 | 0 | 0 | 3.12 | 4.00 |
| Science - Chemistry | 0 | 2 | 1 | 1 | 15 | 111 | 117.00 | 0 | 1 | 0.00 | 4.00 |
| Literature - European | 0 | 1 | 0 | 1 | 10 | 139 | 139.00 | 0 | 0 | 0.00 | 2.00 |
| History - American | 0 | 1 | 0 | 0 | 10 | 133 | 133.00 | 0 | 0 | 0.00 | 2.00 |
| History - Other | 0 | 1 | 0 | 1 | 10 | 129 | 129.00 | 0 | 0 | 0.00 | 2.00 |
| Literature - British | 0 | 1 | 0 | 0 | 10 | 139 | 139.00 | 0 | 0 | 0.48 | 4.00 |
| Religion | 0 | 1 | 0 | 1 | 10 | 108 | 108.00 | 0 | 0 | 0.00 | 4.00 |
| Literature - World | 0 | 0 | 0 | 0 | 0 | 0.00 | 0 | 0 | 0.00 | 0.00 | |
| Fine Arts - Classical Music | 0 | 0 | 1 | 0 | -5 | 0.00 | 0 | 0 | 0.00 | 0.00 |